000 00516nam a2200181Ia 4500
005 20250423094515.0
008 250422s9999 xx 000 0 und d
020 _a0596008120
050 _aTK 5105.8885.A26 .L44/
100 _aLee, Wei Meng.
245 0 _aASP.NET 2.0 : a developer's notebook
260 _aSebastopol
260 _bO'Reilly Media
260 _c2005
300 _a326 p
650 _aActive server pages. Internet programming. Web site development. Electronic books. |2 local
942 _cBK
999 _c27443
_d27443